| 000 | 00439cam a2200169ua 4500 | ||
|---|---|---|---|
| 020 | _cRs 8.40 | ||
| 041 |
_aeng _h |
||
| 082 |
_a539.7 _bKON/ST |
||
| 100 | _aKondratyev, V . | ||
| 245 |
_aStructure of atoms and molecules / _cV Kondratyev. _hTextual Documents |
||
| 260 |
_aMoscow : _bForeign Language Publishing House , _c1950. |
||
| 300 | _a630 ; . | ||
| 365 | _aRs 8.40 | ||
| 504 | _a | ||
| 942 | _cBK | ||
| 999 |
_c3259 _d3259 |
||